00215 a2200109 4500001000700000020000600007040001100013100002300024240002700047245002200074362000900096167904 a  cMagnum aGanong, William F.10aFisiologia medicalpor10aFisiologia medica0 a1899